00420nam a2200145Ia 4500008004100000082001200041082000800053245006100061245001200122260001200134300000900146942000800155999001900163952009200182231017s9999 xx 000 0 und d a388.114 bCFI 0aCfit World Review of Road Pricing Phase 1 Lessons for UK 0cUK Dept bUK Dept c30cm cREP c604282d604282 00104070aNITbNITd2023-10-17l0o388.114 CFIpNIT-1969r2023-10-17w2023-10-17yREP